000 00642nam a22002057a 4500
003 OSt
005 20160624183347.0
008 160624b xxu||||| |||| 00| 0 eng d
020 _a978-0-07-226339-8 (pbk.)
040 _cLIC
082 _22007
_aDC 006.7
_bF49
100 _910444
_aFinkelstein, Ellen
245 _aHow to do everything with Microsoft Office PowerPoint 2007 /
_cEllen Finkelstein
260 _aNew York :
_bMcGraw-Hill,
_cc2007.
300 _axvi, 432 pages:
_billustrations ;
_c23 cm
365 _b2,340.00
_cPhp
500 _aIncludes index.
650 0 _910445
_aMicrosoft PowerPoint (Computer file)
942 _2ddc
_cDC
999 _c3129
_d3129